Mikulášská kryptobesídka 2016 : sborník příspěvků. Praha, ČR, 1. - 2. 12. 2016
Salvato in:
| Ente Autore: | |
|---|---|
| Natura: | Atti del Convegno Libro |
| Lingua: | inglese ceco |
| Pubblicazione: |
Bílovice nad Svitavou :
Trusted Network Solutions,
2016
|
| Edizione: | 1. vyd. |
| Tags: |
Nessun Tag, puoi essere il primo ad aggiungerne!!
|
MARC
| LEADER | 00000nam a22000003a 4500 | ||
|---|---|---|---|
| 001 | 0019418 | ||
| 003 | SK-STU | ||
| 005 | 20161216125047.0 | ||
| 007 | ta | ||
| 008 | 151207s ----xo-----e------100-0-----d | ||
| 020 | |a 978-80-904257-8-1 | ||
| 040 | |a STU |b slo | ||
| 041 | 0 | |a eng |a cze | |
| 044 | |a xr | ||
| 111 | 2 | |a Mikulášská kryptobesídka 2016 |d 1. - 2. 12. 2016 |c Praha, Česká republika | |
| 242 | 0 | 1 | |a SantaCrypt 2016 |y eng |
| 245 | 1 | 0 | |a Mikulášská kryptobesídka 2016 : |b sborník příspěvků. Praha, ČR, 1. - 2. 12. 2016 |
| 250 | |a 1. vyd. | ||
| 260 | |a Bílovice nad Svitavou : |b Trusted Network Solutions, |c 2016 | ||
| 300 | |a 46 s. | ||
| 996 | |c V* 2413/sc-16 |l VV11 |s P |a 0 |w 0019418_0001 | ||